Angel de Saavedra, Duc de Rivas (Record no. 172441)

MARC details
000 -LEADER
campo de control de longitud fija 00950nam a2200205 i 4500
001 - NÚMERO DE CONTROL
campo de control 172441
003 - IDENTIFICADOR DE NÚMERO DE CONTROL
campo de control ES-MaACL
005 - FECHA Y HORA DE LA ÚLTIMA TRANSACCIÓN
campo de control 20231220210526.0
008 - DATOS DE LONGITUD FIJA--INFORMACIÓN GENERAL
campo de control de longitud fija 090707s1926 fr |||| | fre d
080 ## - NÚMERO DE LA CLASIFICACIÓN DECIMAL UNIVERSAL
Número de la Clasificación Decimal Universal 821.134.2 Rivas, Ángel de Saavedra, Duque de 1.07
080 ## - NÚMERO DE LA CLASIFICACIÓN DECIMAL UNIVERSAL
Número de la Clasificación Decimal Universal 929 Rivas, Ángel de Saavedra, Duque de
100 0# - ENTRADA PRINCIPAL--NOMBRE DE PERSONA
Nombre de persona Boussagol, Gabriel.
9 (RLIN) 31040
245 10 - MENCIÓN DEL TÍTULO
Título Angel de Saavedra, Duc de Rivas
Resto del título : sa vie, son oeuvre poétique : thèse pour le doctorat ès lettres /
Mención de responsabilidad, etc. présentée a la faculté des lettres de Paris par Gabriel Boussagol.
260 ## - PUBLICACIÓN, DISTRIBUCIÓN, ETC.
Lugar de publicación, distribución, etc. Toulouse :
Nombre del editor, distribuidor, etc. Imprimerie et librairie Édouard Privat ;
Lugar de publicación, distribución, etc. Paris :
Nombre del editor, distribuidor, etc. Henri Didier,
Fecha de publicación, distribución, etc. 1926.
300 ## - DESCRIPCIÓN FÍSICA
Extensión VIII, 481 p. ;
Dimensiones 25 cm.
600 14 - PUNTO DE ACCESO ADICIONAL DE MATERIA--NOMBRE DE PERSONA
Nombre de persona Rivas, Ángel de Saavedra,
Títulos y otros términos asociados al nombre Duque de,
Fechas asociadas al nombre 1791-1865
9 (RLIN) 97550
852 ## - LOCALIZACIÓN
Ubicación ES-MaACL
Número de control de estantería E-12756
itemnumber R.143698
Nota libre .- Biblioteca Jacinto Martínez Lacalle
852 1# - LOCALIZACIÓN
Ubicación BA
Número de control de estantería F-1017
Nota libre .- An. ms. : ded. del autor al Ateneo de Madrid
Holdings
Estatus retirado Estado de pérdida Estado de daño No para préstamo Biblioteca de origen Biblioteca actual Ubicación en estantería Fecha de adquisición Fuente de adquisición Total de préstamos Signatura topográfica completa Código de barras Visto por última vez Precio de reemplazo Tipo de ítem Koha
        Biblioteca del Ateneo de Madrid Biblioteca del Ateneo de Madrid Depósito 2 04/10/2013     F-1017 1191920 23/02/2023 23/02/2023 Libro impreso
        Biblioteca del Ateneo de Madrid Biblioteca del Ateneo de Madrid Depósito 2 07/07/2009     E-12756 1180964 23/02/2023 23/02/2023 Libro impreso